000 00430nam a2200181Ia 4500
001 5211
005 20260306145851.0
008 260306t2000||||xx |||||||||||||| ||spa||
041 _aESP
082 _a338.18
_bS14
100 _aSáenz Yaya, Domingo
_eAUT
245 0 _aPolítica agraria y nuevos tiempos
260 _c2000
300 _a132 páginas :
_c21 cm.
650 _aGEN
654 _aCAN
942 _cLIB
_dJUS
_fJUS
_2ddc
_n
999 _c5211
_d5211